[Event "Sparkassen Chess Trophy 2024 A-Open"]
[Site "Dortmund"]
[Date "2024.08.11"]
[Round "2"]
[White "Gasper, Joern"]
[Black "Holzwarth, Felix"]
[Result "1-0"]
[WhiteElo "2000"]
[BlackElo "1991"]
[PlyCount "57"]
[EventDate "2024.08.10"]

1. e4 c5 2. Nf3 d6 3. d4 cxd4 4. Nxd4 Nf6 5. Nc3 Nc6 6. Bb5 Bd7 7. Bg5 e6 8. Qd3 Be7 9. O-O-O O-O 10. Bxc6 bxc6 11. Nb3 d5 12. e5 Ng4 13. Bxe7 Qxe7 14. Qd4 Nh6 15. f4 Nf5 16. Qc5 Qh4 17. g3 Qh3 18. Rdg1 h5 19. Nd1 Qg4 20. Qf2 c5 21. h3 Qg6 22. g4 Ne7 23. gxh5 Qxh5 24. Rg5 Qh7 25. Rhg1 Nf5 26. Ne3 g6 27. Nxf5 exf5 28. Nxc5 Be8 29. h4 1-0

[Event "Sparkassen Chess Trophy 2024 A-Open"]
[Site "Dortmund"]
[Date "2024.08.11"]
[Round "2"]
[White "Menzel, Maximilian"]
[Black "Van Amerongen, Arjen"]
[Result "1/2-1/2"]
[WhiteElo "2164"]
[BlackElo "2011"]
[PlyCount "75"]
[EventDate "2024.08.10"]

1. d4 g6 2. Nf3 Bg7 3. g3 d6 4. Bg2 Nf6 5. O-O O-O 6. b3 c6 7. Bb2 Nbd7 8. Re1 Qc7 9. e4 Ne8 10. Nbd2 c5 11. a4 b6 12. Qe2 Bb7 13. a5 bxa5 14. Nc4 Ba6 15. e5 d5 16. e6 dxc4 17. exd7 Nd6 18. Ne5 Bb7 19. Bxb7 Nxb7 20. Qxc4 e6 21. dxc5 Qxc5 22. Qxc5 Nxc5 23. Rad1 Rfd8 24. Ba3 Bxe5 25. Bxc5 Bf6 26. Rd3 Rab8 27. Red1 Rb7 28. f4 Rc7 29. Bf2 Kf8 30. Be1 Rc5 31. b4 Rd5 32. Rxd5 exd5 33. Rxd5 Ke7 34. b5 Rxd7 35. Rxd7+ Kxd7 36. Bxa5 Kd6 37. Kf1 Kc5 38. b6 1/2-1/2

[Event "Sparkassen Chess Trophy 2024 A-Open"]
[Site "Dortmund"]
[Date "2024.08.11"]
[Round "2"]
[White "Slanina, Aaron"]
[Black "Riemland, Arnold"]
[Result "0-1"]
[WhiteElo "2001"]
[BlackElo "2112"]
[PlyCount "102"]
[EventDate "2024.08.10"]

1. e4 d5 2. exd5 Qxd5 3. Nc3 Qa5 4. Bc4 Nf6 5. d3 c6 6. Bd2 Qb6 7. Bb3 Na6 8. Nf3 Bf5 9. Ne5 e6 10. Qe2 Bd6 11. g4 Bg6 12. Bf4 Qd4 13. Bg3 Bxe5 14. Bxe5 Qxg4 15. f3 Qh4+ 16. Bg3 Qb4 17. a3 Qe7 18. O-O-O b5 19. Ne4 Rd8 20. Nxf6+ gxf6 21. Qe3 Qc5 22. d4 Qf5 23. d5 cxd5 24. Qxa7 Rc8 25. Kb1 Rxc2 26. Bxc2 Qxc2+ 27. Ka1 Nc5 28. Bd6 Nb3+ 29. Ka2 Kd8 30. Qb8+ Kd7 31. Qxb5+ Kxd6 32. Qxb3 Qxb3+ 33. Kxb3 e5 34. a4 d4 35. a5 Rb8+ 36. Ka3 Bc2 37. Rd2 Bb3 38. Rc1 Bd5 39. Rd3 h5 40. b4 h4 41. a6 Rb6 42. b5 Rxb5 43. Ka4 Rb2 44. h3 Bc6+ 45. Ka3 Rb6 46. Rg1 Rxa6+ 47. Kb2 Bd7 48. f4 Rb6+ 49. Ka3 Kd5 50. fxe5 fxe5 51. Rg5 f5 0-1

[Event "Sparkassen Chess Trophy 2024 A-Open"]
[Site "Dortmund"]
[Date "2024.08.11"]
[Round "2"]
[White "Loheide, Michel"]
[Black "Steinmetzer, Thomas"]
[Result "0-1"]
[WhiteElo "1975"]
[BlackElo "2215"]
[PlyCount "80"]
[EventDate "2024.08.10"]

1. e4 e5 2. Nf3 Nc6 3. Bb5 a6 4. Ba4 Nf6 5. d3 b5 6. Bb3 Bc5 7. a4 Bb7 8. Nc3 b4 9. Nd5 Na5 10. Ba2 Nxd5 11. Bxd5 Bxd5 12. exd5 Qf6 13. O-O O-O 14. Qe2 Rae8 15. Re1 Qb6 16. Be3 Bxe3 17. Qxe3 Qd6 18. Qa7 f6 19. d4 e4 20. Nd2 f5 21. c4 bxc3 22. bxc3 Qxd5 23. Qxa6 Ra8 24. Qb5 c6 25. Qxd5+ cxd5 26. Reb1 Kf7 27. Rb5 Ke6 28. Rb6+ d6 29. g3 Rfc8 30. Ra3 g5 31. Kf1 h5 32. Ke2 h4 33. Rb7 hxg3 34. hxg3 Rh8 35. Rb6 Rh2 36. Ra1 f4 37. gxf4 gxf4 38. Rf1 Rh3 39. Rc1 Rd3 40. Ke1 Rxd2 0-1

[Event "Sparkassen Chess Trophy 2024 A-Open"]
[Site "Dortmund"]
[Date "2024.08.11"]
[Round "2"]
[White "Strehse, Nelson"]
[Black "Kantor, Nikita"]
[Result "1-0"]
[WhiteElo "2223"]
[BlackElo "1971"]
[PlyCount "26"]
[EventDate "2024.08.10"]

1. e4 e5 2. Nf3 Nc6 3. Bc4 Bc5 4. c3 Nf6 5. d4 exd4 6. b4 Bb6 7. e5 Ne4 8. Bd5 Nxc3 9. Nxc3 dxc3 10. O-O Ne7 11. Bb3 h6 12. Qd3 O-O 13. Bg5 d5 {Erfassung abgebrochen, unleserlich} 1-0

[Event "Sparkassen Chess Trophy 2024 A-Open"]
[Site "Dortmund"]
[Date "2024.08.11"]
[Round "2"]
[White "Keyser, Robin"]
[Black "Tahashi-Knoche, Farzad"]
[Result "1-0"]
[WhiteElo "2229"]
[BlackElo "1960"]
[PlyCount "91"]
[EventDate "2024.08.10"]

1. d4 Nf6 2. c4 g6 3. g3 Bg7 4. Bg2 d6 5. Nc3 O-O 6. Nf3 c5 7. d5 e6 8. O-O exd5 9. cxd5 h6 10. Nd2 a6 11. a4 Nbd7 12. Nc4 Nb6 13. Na3 Re8 14. h3 Rb8 15. e4 Qc7 16. f4 Nbd7 17. Qd3 b6 18. Be3 Bb7 19. Rad1 Rbc8 20. Nc4 b5 21. axb5 Nb6 22. Nxd6 Qxd6 23. e5 Qd8 24. bxa6 Ba8 25. exf6 Bxf6 26. Bf2 c4 27. Qd2 Bg7 28. Bd4 Bf8 29. Qf2 Nd7 30. Rfe1 Nc5 31. Ne4 Nxe4 32. Rxe4 Qd7 33. Rxe8 Rxe8 34. Kh2 Qb5 35. Bc3 Bc5 36. Qf3 Qxa6 37. Qg4 h5 38. Qg5 Be7 39. Qe5 f6 40. Qd4 Bd8 41. Re1 Rxe1 42. Bxe1 Bb6 43. Qe4 Kh7 44. Qe7+ Kh6 45. Qf8+ Kh7 46. Qf7+ 1-0

[Event "Sparkassen Chess Trophy 2024 A-Open"]
[Site "Dortmund"]
[Date "2024.08.11"]
[Round "2"]
[White "Weisskopf, Lutz"]
[Black "Collin, Moritz Valentin"]
[Result "0-1"]
[WhiteElo "2026"]
[BlackElo "2234"]
[PlyCount "142"]
[EventDate "2024.08.10"]

1. e4 c5 2. Nf3 e6 3. b3 b6 4. Bb2 Bb7 5. d3 d5 6. Nbd2 Nc6 7. exd5 exd5 8. Be2 Nf6 9. d4 Bd6 10. O-O O-O 11. c4 Re8 12. dxc5 Bxc5 13. cxd5 Nxd5 14. a3 Nf4 15. Bc4 a6 16. b4 Bd4 17. Qb3 Re7 18. Rfe1 b5 19. Bf1 Rxe1 20. Rxe1 Bxb2 21. Qxb2 Nd3 22. Bxd3 Qxd3 23. Ne4 Qd8 24. Nc5 Qc7 25. Qe2 h6 26. Qe4 a5 27. Nxb7 Qxb7 28. Nd4 Rc8 29. h4 Qd7 30. Nf5 Kh8 31. bxa5 Nxa5 32. Qg4 g6 33. Nxh6 Qxg4 34. Nxg4 Nc4 35. Ne5 Nxa3 36. Nxf7+ Kg7 37. Nd6 Rb8 38. Re3 b4 39. Rb3 Nc2 40. Nc4 Nd4 41. Rb2 b3 42. Nd2 Rc8 43. Rb1 Rb8 44. f3 b2 45. Nc4 Rb4 46. Nxb2 Nf5 47. g4 Nxh4 48. f4 Nf3+ 49. Kf2 Nd2 50. Rd1 Rxb2 51. Ke3 Nc4+ 52. Ke4 Rb7 53. Rd3 Re7+ 54. Kf3 Kf6 55. Rd4 Re3+ 56. Kf2 Rc3 57. Rd8 Ne3 58. Rd6+ Kf7 59. g5 Nf5 60. Rb6 Kg7 61. Ra6 Nh4 62. Ra7+ Kg8 63. Ra8+ Kf7 64. Ra4 Ke6 65. Ke2 Kf5 66. Rb4 Rf3 67. Rb5+ Kg4 68. Rb1 Rxf4 69. Rg1+ Kf5 70. Rg3 Rg4 71. Rh3 Kxg5 0-1

[Event "Sparkassen Chess Trophy 2024 A-Open"]
[Site "Dortmund"]
[Date "2024.08.11"]
[Round "2"]
[White "Mainka, Alwin"]
[Black "Ravikumar, Pranava"]
[Result "1/2-1/2"]
[WhiteElo "2240"]
[BlackElo "1991"]
[PlyCount "101"]
[EventDate "2024.08.10"]

1. e4 c5 2. Nf3 d6 3. d4 cxd4 4. Nxd4 Nf6 5. Nc3 Nc6 6. g3 Bd7 7. Bg2 Rc8 8. O-O g6 9. h3 Bg7 10. Nxc6 Bxc6 11. a4 b6 12. Be3 O-O 13. f4 Qd7 14. Bd4 Qb7 15. Re1 Rfe8 16. g4 e5 17. fxe5 dxe5 18. Bf2 h5 19. Qf3 hxg4 20. hxg4 Bd7 21. Bh3 Be6 22. Rad1 Nh7 23. Bh4 a6 24. Re2 g5 25. Bg3 Nf8 26. Nd5 Ng6 27. Qe3 Nf4 28. Bxf4 exf4 29. Qb3 b5 30. Red2 Rc4 31. axb5 axb5 32. Qd3 Bd4+ 33. Kh2 Bxd5 34. exd5 Be3 35. Qf5 Bxd2 36. Qxg5+ Kf8 37. Qh6+ Kg8 38. Qg5+ Kf8 39. Rxd2 Rce4 40. Qh6+ Kg8 41. Bg2 Re2 42. Qg5+ Kf8 43. Qxf4 Rxd2 44. Qxd2 Qe7 45. Kg3 Qe5+ 46. Qf4 Qxb2 47. Qh6+ Kg8 48. Qg5+ Kf8 49. Qh6+ Kg8 50. Qg5+ Kf8 51. Qh6+ 1/2-1/2

[Event "Sparkassen Chess Trophy 2024 A-Open"]
[Site "Dortmund"]
[Date "2024.08.11"]
[Round "2"]
[White "Kock, Stefan"]
[Black "Schimnatkowski, Lukas"]
[Result "0-1"]
[WhiteElo "2029"]
[BlackElo "2235"]
[PlyCount "80"]
[EventDate "2024.08.10"]

1. e4 e5 2. Nf3 Nc6 3. Nc3 Nf6 4. d4 exd4 5. Nxd4 Bb4 6. Nxc6 bxc6 7. Bd3 d5 8. Bd2 O-O 9. exd5 Bxc3 10. bxc3 Re8+ 11. Kf1 cxd5 12. f3 Qd6 13. g4 h5 14. h3 Ba6 15. Kg2 Bxd3 16. cxd3 h4 17. f4 Rab8 18. Rf1 Rb2 19. Rf2 d4 20. c4 Nd7 21. Qa4 Rxd2 22. Rxd2 Qxf4 23. Qxd7 Qxd2+ 24. Kh1 Qe3 25. Rf1 Qxh3+ 26. Kg1 Qe3+ 27. Kh1 Rf8 28. Qf5 Qh3+ 29. Kg1 Qg3+ 30. Kh1 Qh3+ 31. Kg1 Qe3+ 32. Kh1 g6 33. Qf3 Qxf3+ 34. Rxf3 Re8 35. Rf6 Re6 36. Rf4 c5 37. Kg2 Kg7 38. Kh3 f6 39. Rf2 Re3+ 40. Kh2 Rxd3 0-1

[Event "Sparkassen Chess Trophy 2024 A-Open"]
[Site "Dortmund"]
[Date "2024.08.11"]
[Round "2"]
[White "Kulon, Klaudia"]
[Black "Krueger, Andre"]
[Result "1-0"]
[WhiteElo "2415"]
[BlackElo "2018"]
[PlyCount "77"]
[EventDate "2024.08.10"]

1. b3 e5 2. Bb2 Nc6 3. e3 Nf6 4. Bb5 Bd6 5. Na3 Na5 6. Be2 a6 7. c4 Qe7 8. Nc2 c5 9. d4 Nc6 10. d5 Nb4 11. Nxb4 cxb4 12. Nf3 b6 13. Nd4 g6 14. f4 Ne4 15. Nf3 Nc3 16. Bxc3 bxc3 17. fxe5 Bxe5 18. Nxe5 Qxe5 19. Qd4 Qxd4 20. exd4 b5 21. cxb5 Bb7 22. bxa6 Bxa6 23. Bxa6 Rxa6 24. Ke2 Ke7 25. Kd3 Kd6 26. a4 Kxd5 27. Rhc1 Rb8 28. Rxc3 d6 29. Ra3 Rab6 30. a5 Rb4 31. a6 Rxd4+ 32. Kc2 Rdb4 33. a7 Ra8 34. Rc7 Ke6 35. Ra6 Rb5 36. Kc3 Rd5 37. b4 Rd1 38. Kb2 Re1 39. b5 1-0

[Event "Sparkassen Chess Trophy 2024 A-Open"]
[Site "Dortmund"]
[Date "2024.08.11"]
[Round "2"]
[White "Karaissaridis, Christos"]
[Black "Sabirov, Rafael"]
[Result "0-1"]
[WhiteElo "1902"]
[BlackElo "2123"]
[PlyCount "72"]
[EventDate "2024.08.10"]

1. e4 c5 2. Nf3 e6 3. d3 Nc6 4. g3 d6 5. Bg2 Nf6 6. O-O Be7 7. Re1 O-O 8. c3 Bd7 9. Nbd2 Qc7 10. Nf1 Rab8 11. h4 b5 12. N1h2 e5 13. Ng5 h6 14. Ngf3 Ng4 15. Be3 Be6 16. Nxg4 Bxg4 17. Qd2 b4 18. c4 Qd7 19. Nh2 Bh3 20. Bf3 f5 21. Bd1 f4 22. gxf4 exf4 23. Bxf4 Bxh4 24. Bg3 Bxg3 25. fxg3 Rf6 26. Ba4 Rbf8 27. Re2 Qb7 28. Bxc6 Qxc6 29. Kh1 Qd7 30. Rg1 Bg4 31. Nxg4 Qxg4 32. Reg2 Rf3 33. Qe2 Qg5 34. Qd2 Qh5+ 35. Rh2 Qe5 36. Rhg2 Qd4 0-1

[Event "Sparkassen Chess Trophy 2024 A-Open"]
[Site "Dortmund"]
[Date "2024.08.11"]
[Round "2"]
[White "Burkart, Lloyd Shang"]
[Black "Wezel, Sebastian"]
[Result "1-0"]
[WhiteElo "2123"]
[BlackElo "1939"]
[PlyCount "107"]
[EventDate "2024.08.10"]

1. d4 d5 2. Nf3 Nf6 3. g3 e6 4. Bg2 Be7 5. O-O O-O 6. c4 c6 7. Qc2 b6 8. Nbd2 Bb7 9. e4 Na6 10. a3 c5 11. exd5 exd5 12. dxc5 Nxc5 13. b4 Ne6 14. Bb2 dxc4 15. Rfd1 Rc8 16. Nxc4 Qc7 17. Rac1 Be4 18. Qe2 Qb7 19. Bxf6 gxf6 20. Nh4 Bxg2 21. Nxg2 Rfd8 22. Qg4+ Kh8 23. h4 b5 24. Na5 Rxc1 25. Rxc1 Qd5 26. Ne3 Qd3 27. Nc6 Qxa3 28. Rf1 Rg8 29. Qf3 Bxb4 30. Qxf6+ Ng7 31. Nxb4 Qxb4 32. h5 Qe4 33. h6 Qg6 34. hxg7+ Qxg7 35. Qxg7+ Kxg7 36. Ra1 Rb8 37. Rxa7 b4 38. Ra2 Kf6 39. Rb2 Ke5 40. Nc2 b3 41. Na1 Rg8 42. Nxb3 Rb8 43. Rb1 Rd8 44. Kg2 f5 45. Re1+ Kf6 46. Nc5 Rd6 47. Re3 h6 48. Rf3 Kg5 49. Rf4 Rc6 50. Nd3 Re6 51. Rh4 Re8 52. Nf4 Rh8 53. Kf3 Rh7 54. Rh5+ 1-0

[Event "Sparkassen Chess Trophy 2024 A-Open"]
[Site "Dortmund"]
[Date "2024.08.11"]
[Round "2"]
[White "Lang, Daniel"]
[Black "Madera, Mateusz"]
[Result "1-0"]
[WhiteElo "2138"]
[BlackElo "1921"]
[PlyCount "97"]
[EventDate "2024.08.10"]

1. d4 Nf6 2. c4 e6 3. Nc3 Bb4 4. Qc2 d5 5. cxd5 exd5 6. Bg5 c6 7. e3 h6 8. Bh4 O-O 9. Bd3 Re8 10. Nge2 Nbd7 11. O-O Nf8 12. a3 Bd6 13. Bg3 Ng4 14. h3 Nf6 15. b4 a6 16. Na4 Ne4 17. Bxe4 Rxe4 18. Bxd6 Qxd6 19. Nb6 Rb8 20. Qc5 Qd8 21. Nxc8 Rxc8 22. Rfc1 Re8 23. Qc2 Ne6 24. Qd3 Ng5 25. Nc3 Re6 26. a4 Rg6 27. Qf5 Rf6 28. Qg4 Rc7 29. b5 Qb8 30. bxa6 bxa6 31. Rab1 Rb7 32. Qe2 Rxb1 33. Rxb1 Qa7 34. a5 Ne6 35. Rb6 Qe7 36. Rxc6 Nc7 37. Rc5 Rd6 38. Qa2 Qd7 39. Qb3 Rc6 40. Qa4 Rd6 41. Qxd7 Rxd7 42. Rc6 f5 43. g3 Kf7 44. Na4 Ne6 45. Kg2 Ng5 46. Nc5 Rd8 47. Rxa6 Ke7 48. Rg6 Kf7 49. Rb6 1-0

[Event "Sparkassen Chess Trophy 2024 A-Open"]
[Site "Dortmund"]
[Date "2024.08.11"]
[Round "2"]
[White "Frayna, Janelle Mae"]
[Black "Padilla Garcia, Cecilia Xasive"]
[Result "1-0"]
[WhiteElo "2162"]
[BlackElo "1950"]
[PlyCount "52"]
[EventDate "2024.08.10"]

1. e4 c5 2. Nc3 d6 3. f4 Nc6 4. Nf3 g6 5. Bb5 Bg7 6. O-O e6 7. Bxc6+ bxc6 8. d3 Ne7 9. e5 d5 10. Na4 Qa5 11. b3 c4 12. dxc4 O-O 13. Ba3 Re8 14. Nd4 Bb7 15. c5 Ba6 16. Qe1 Qxe1 17. Rfxe1 Rac8 18. Rad1 Nf5 19. Nxf5 gxf5 20. Nb2 f6 21. exf6 Bxf6 22. Nd3 Bc3 23. Rf1 Kg7 24. Rf3 Bxd3 25. Rfxd3 Bf6 26. Bc1 Rg8 {Erfassung abgebrochen, unleserlich} 1-0

[Event "Sparkassen Chess Trophy 2024 A-Open"]
[Site "Dortmund"]
[Date "2024.08.11"]
[Round "2"]
[White "Reinhardt, Johannes"]
[Black "Gerlach, Felix"]
[Result "1-0"]
[WhiteElo "1925"]
[BlackElo "2161"]
[PlyCount "55"]
[EventDate "2024.08.10"]

1. d4 Nf6 2. Nf3 g6 3. c4 c5 4. d5 e6 5. Nc3 exd5 6. cxd5 d6 7. e4 Bg7 8. h3 O-O 9. Bd3 b5 10. Bxb5 Nxe4 11. O-O Nxc3 12. bxc3 Bxc3 13. Bh6 Bg7 14. Bxg7 Kxg7 15. Re1 Ba6 16. Ba4 Nd7 17. Bc6 Rc8 18. Qa4 Nb8 19. Rab1 Bd3 20. Rb7 Qf6 21. Re6 Qa1+ 22. Re1 Qf6 23. Re6 Qa1+ 24. Kh2 a6 25. Ng5 Qc1 26. Qh4 h6 27. Nxf7 Rxf7 28. Qf6+ 1-0

[Event "Sparkassen Chess Trophy 2024 A-Open"]
[Site "Dortmund"]
[Date "2024.08.11"]
[Round "2"]
[White "Schwibbert, Jonas"]
[Black "Riechenberg, Sebastian"]
[Result "1/2-1/2"]
[WhiteElo "2147"]
[BlackElo "1951"]
[PlyCount "83"]
[EventDate "2024.08.10"]

1. e4 c5 2. Nf3 d6 3. d4 cxd4 4. Nxd4 Nf6 5. Nc3 a6 6. Rg1 e5 7. Nb3 h5 8. h3 Be6 9. Bg5 Nbd7 10. Qd2 b5 11. f3 Be7 12. h4 b4 13. Nd5 Nxd5 14. exd5 Bxg5 15. hxg5 Bf5 16. Bd3 Bxd3 17. cxd3 a5 18. Qe3 Qb6 19. Ke2 Qb5 20. Qe4 Nb6 21. Rac1 a4 22. Nd4 Qxd5 23. Rc6 Qxd4 24. Qxd4 exd4 25. Rxb6 Kd7 26. Rxb4 Rhb8 27. Rxb8 Rxb8 28. Rb1 Ke6 29. b4 axb3 30. axb3 Kf5 31. b4 Kxg5 32. b5 Kf4 33. Kf2 Ke5 34. Kg3 Kd5 35. Kf4 Kc5 36. Rc1+ Kb4 37. Rc7 Rxb5 38. Ke4 Rc5 39. Ra7 Kc3 40. Ra3+ Kb4 41. Ra7 Kc3 42. Ra3+ 1/2-1/2

[Event "Sparkassen Chess Trophy 2024 A-Open"]
[Site "Dortmund"]
[Date "2024.08.11"]
[Round "2"]
[White "Thieu, Nguyen Gia Bao"]
[Black "Gluma, Christian"]
[Result "0-1"]
[WhiteElo "1904"]
[BlackElo "2091"]
[PlyCount "62"]
[EventDate "2024.08.10"]

1. e4 c6 2. Nc3 d5 3. Nf3 dxe4 4. Nxe4 Bf5 5. Ng3 Bg6 6. h4 h6 7. Ne5 Bh7 8. Qh5 g6 9. Qf3 Nf6 10. Qb3 Qd5 11. Qxb7 Qxe5+ 12. Be2 e6 13. Qxa8 Qc7 14. Bf3 Nfd7 15. d3 Bb4+ 16. c3 O-O 17. Be3 Bc5 18. Bxc5 Nxc5 19. a4 Nxd3+ 20. Ke2 Ne5 21. Ne4 Nbd7 22. Qxf8+ Kxf8 23. Rhd1 f5 24. Ng3 Nxf3 25. Kxf3 Ne5+ 26. Ke2 Ke7 27. a5 Qb7 28. b4 Qb5+ 29. Kd2 Qd5+ 30. Kc2 Qxg2 31. Rd2 f4 0-1

[Event "Sparkassen Chess Trophy 2024 A-Open"]
[Site "Dortmund"]
[Date "2024.08.11"]
[Round "2"]
[White "Michalke, Guenter"]
[Black "Gieseler, Felix"]
[Result "1/2-1/2"]
[WhiteElo "2174"]
[BlackElo "1960"]
[PlyCount "113"]
[EventDate "2024.08.10"]

1. d4 Nf6 2. Nf3 d5 3. c4 e6 4. g3 Bb4+ 5. Bd2 Be7 6. Bg2 O-O 7. O-O Nbd7 8. Qc2 c5 9. cxd5 exd5 10. Nc3 b6 11. Rad1 Bb7 12. Bf4 Rc8 13. Qf5 g6 14. Qb1 a6 15. Bh3 Re8 16. e4 dxe4 17. Ne5 c4 18. Nxd7 Nxd7 19. Nxe4 Bf8 20. d5 f5 21. Bg5 Be7 22. Bxe7 Qxe7 23. Nc3 Qd6 24. Rfe1 Ne5 25. Bg2 Nd3 26. Rxe8+ Rxe8 27. Bf1 Ne5 28. Be2 b5 29. a3 Rd8 30. Qc1 Nf7 31. Qe3 Kf8 32. f4 Re8 33. Qd4 Kg8 34. Kf2 Rc8 35. Bf3 Re8 36. Rd2 Re7 37. a4 b4 38. Nd1 Rc7 39. Ne3 c3 40. bxc3 bxc3 41. Rc2 Qc5 42. Qxc5 Rxc5 43. Ke2 Ra5 44. Rxc3 Rxa4 45. Rb3 Bc8 46. Rb8 Nd6 47. Rb6 Nb5 48. Nc2 Rc4 49. Rc6 Rxc2+ 50. Rxc2 Nd4+ 51. Kd3 Nxc2 52. Kxc2 Kf7 53. Kc3 Ke7 54. Kd4 Kd6 55. Be2 h6 56. h4 h5 57. Bc4 1/2-1/2

[Event "Sparkassen Chess Trophy 2024 A-Open"]
[Site "Dortmund"]
[Date "2024.08.11"]
[Round "2"]
[White "Eckert, Marius"]
[Black "Sprenger de la Iglesia, Yevgeni"]
[Result "1-0"]
[WhiteElo "2129"]
[BlackElo "1973"]
[PlyCount "111"]
[EventDate "2024.08.10"]

1. c4 d6 2. g3 e5 3. Bg2 f5 4. Nc3 Nf6 5. d3 Be7 6. e3 O-O 7. Nge2 a5 8. O-O c6 9. f4 Qe8 10. b3 Be6 11. Qd2 Qf7 12. Bb2 Nbd7 13. e4 g6 14. d4 exd4 15. Nxd4 Nxe4 16. Nxe4 fxe4 17. Bxe4 Nc5 18. Bg2 Bd7 19. Rae1 Bf6 20. f5 Qg7 21. fxg6 hxg6 22. Ba1 Rae8 23. Rxe8 Rxe8 24. Nc2 Bxa1 25. Nxa1 Qe5 26. Nc2 Ne4 27. Qh6 Qc5+ 28. Ne3 Qg5 29. Qxg5 Nxg5 30. Kf2 Rf8+ 31. Ke2 Rxf1 32. Nxf1 Kg7 33. Ke3 Kf6 34. Nd2 Bf5 35. Be4 Ke5 36. Bxf5 Kxf5 37. Nf3 Ne6 38. h3 Kf6 39. h4 Kf5 40. Nh2 Ke5 41. g4 Kf6 42. Nf3 Nc5 43. Ng5 Nd7 44. Kf4 Nf8 45. Ne4+ Ke6 46. h5 b6 47. h6 d5 48. Ng5+ Kf6 49. h7 Kg7 50. cxd5 cxd5 51. Ke5 Nxh7 52. Nxh7 Kxh7 53. g5 Kg7 54. Kxd5 Kf7 55. a4 Ke7 56. Kc6 1-0

[Event "Sparkassen Chess Trophy 2024 A-Open"]
[Site "Dortmund"]
[Date "2024.08.11"]
[Round "2"]
[White "Moeller, Maurin"]
[Black "Conrad, Joachim"]
[Result "1-0"]
[WhiteElo "2082"]
[BlackElo "1994"]
[PlyCount "29"]
[EventDate "2024.08.10"]

1. e4 d6 2. d4 Nf6 3. Nc3 e5 4. Nf3 Nbd7 5. Rg1 exd4 6. Nxd4 Nc5 7. Qe2 Qe7 8. f3 c6 9. g4 g6 10. Be3 Qc7 11. Qf2 b5 12. Nxc6 Bd7 13. Nb4 Qa5 14. a3 Be7 15. e5 1-0

[Event "Sparkassen Chess Trophy 2024 A-Open"]
[Site "Dortmund"]
[Date "2024.08.11"]
[Round "2"]
[White "Lin, Yi"]
[Black "Wagner, Alexej"]
[Result "1/2-1/2"]
[WhiteElo "1950"]
[BlackElo "2201"]
[PlyCount "73"]
[EventDate "2024.08.10"]

1. e4 c5 2. Nf3 Nc6 3. d3 g6 4. g3 Bg7 5. Bg2 e6 6. O-O Nge7 7. Re1 d6 8. c3 e5 9. Nbd2 O-O 10. a3 h6 11. b4 Be6 12. Nb3 c4 13. dxc4 Bxc4 14. Bb2 a5 15. Bf1 Bxf1 16. Rxf1 Qd7 17. b5 Nd8 18. a4 b6 19. Ba3 Nb7 20. Rc1 Rac8 21. Qd3 Qe6 22. c4 f5 23. Nfd2 f4 24. c5 Nxc5 25. Bxc5 dxc5 26. Qc4 Kf7 27. Rfd1 Rcd8 28. Qxe6+ Kxe6 29. Nc4 Nc8 30. Kf1 h5 31. Ke1 Bf6 32. Rxd8 Rxd8 33. Rd1 g5 34. h3 Rxd1+ 35. Kxd1 Bd8 36. g4 hxg4 37. hxg4 1/2-1/2

[Event "Sparkassen Chess Trophy 2024 A-Open"]
[Site "Dortmund"]
[Date "2024.08.11"]
[Round "2"]
[White "Spriestersbach, Kai"]
[Black "Xue, Luka"]
[Result "1-0"]
[WhiteElo "2164"]
[BlackElo "1992"]
[PlyCount "113"]
[EventDate "2024.08.10"]

1. Nf3 d5 2. g3 Nf6 3. Bg2 e6 4. O-O Be7 5. d3 O-O 6. Nbd2 c5 7. e4 Nc6 8. Re1 b5 9. e5 Nd7 10. Nf1 a5 11. h4 Bb7 12. h5 b4 13. h6 g6 14. N1h2 a4 15. a3 Qb6 16. Ng4 d4 17. Bg5 b3 18. cxb3 Qxb3 19. Qxb3 axb3 20. Bxe7 Nxe7 21. Nd2 Bxg2 22. Kxg2 Nd5 23. Rac1 Rfc8 24. Ne4 Rc6 25. Nd2 Rb8 26. Nh2 Rcc8 27. Nhf3 N5b6 28. Re2 Nd5 29. Ng5 Ne7 30. g4 Nd5 31. Kg3 Rc6 32. Ngf3 Rcc8 33. Nc4 Rc7 34. Ng5 N7b6 35. Nd6 Na4 36. Nge4 Ra8 37. Nc4 Rb8 38. Rd2 Rbc8 39. Kh4 Ndb6 40. Ned6 Rb8 41. Kg5 Nd5 42. Ne4 Rbc8 43. Nf6+ Nxf6 44. Kxf6 Rb8 45. f4 Nb6 46. Nxb6 Rxb6 47. Rc4 Kf8 48. Rd1 Ke8 49. Rdc1 Rbc6 50. a4 Kd8 51. a5 Kc8 52. Kg7 f5+ 53. Kf6 fxg4 54. Rg1 Ra7 55. Rxg4 Rxa5 56. Rxg6 hxg6 57. h7 1-0

[Event "Sparkassen Chess Trophy 2024 A-Open"]
[Site "Dortmund"]
[Date "2024.08.11"]
[Round "2"]
[White "Ferro, Mario"]
[Black "Stegert, Jonas"]
[Result "1-0"]
[WhiteElo "2235"]
[BlackElo "1945"]
[PlyCount "77"]
[EventDate "2024.08.10"]

1. d4 d5 2. Nf3 Nf6 3. c3 Bf5 4. Qb3 Qc8 5. c4 dxc4 6. Qxc4 e6 7. Nc3 Nbd7 8. Nh4 Be4 9. Nxe4 Nxe4 10. g3 Nb6 11. Qb3 Qd7 12. e3 Qd5 13. Bg2 Qxb3 14. axb3 Bb4+ 15. Ke2 Nd6 16. e4 c6 17. Be3 O-O 18. Rhd1 Rfd8 19. g4 Nb5 20. Nf3 Rac8 21. Ne5 h6 22. Nc4 Nd7 23. h4 Nf6 24. Bf3 Rc7 25. g5 hxg5 26. hxg5 Ne8 27. g6 fxg6 28. Bg4 Nf6 29. Bxe6+ Kf8 30. f3 Ke7 31. Bh3 Rh8 32. Rh1 Nh5 33. Kf2 c5 34. d5 Ke8 35. d6 Rf7 36. Bg5 Nd4 37. Ne5 Rxf3+ 38. Nxf3 Rf8 39. d7+ 1-0

[Event "Sparkassen Chess Trophy 2024 A-Open"]
[Site "Dortmund"]
[Date "2024.08.11"]
[Round "2"]
[White "Tomasjan, Samuel"]
[Black "Follesa, Enrico"]
[Result "0-1"]
[WhiteElo "2011"]
[BlackElo "2241"]
[PlyCount "118"]
[EventDate "2024.08.10"]

1. e4 c5 2. c3 Nf6 3. e5 Nd5 4. Nf3 e6 5. d4 cxd4 6. cxd4 Nc6 7. Nc3 d6 8. Nxd5 exd5 9. Be2 Be7 10. O-O O-O 11. Bf4 Bg4 12. h3 Bh5 13. Qa4 dxe5 14. dxe5 Qd7 15. Rac1 a6 16. Rfd1 Rfd8 17. Qb3 b5 18. Rc2 Na5 19. Qe3 Bg6 20. Bd3 Nc4 21. Qe2 Bxd3 22. Qxd3 Rac8 23. b3 Na5 24. Re2 Nc6 25. Be3 Nb4 26. Qb1 Nc6 27. Red2 Qe6 28. Bf4 h6 29. Re2 Bc5 30. Bg3 Ne7 31. Qd3 Nf5 32. Bf4 Bb6 33. Red2 Rc7 34. Rc2 Rxc2 35. Qxc2 Rc8 36. Qd3 Ne7 37. Be3 Bxe3 38. Qxe3 Nc6 39. Rc1 Re8 40. Re1 Qd7 41. Qb6 Nb4 42. Rd1 Qc8 43. Qa5 Nc6 44. Qd2 d4 45. Re1 Qd7 46. Qd3 Rd8 47. Qe4 d3 48. Rd1 Qd5 49. Qxd5 Rxd5 50. Kf1 Kf8 51. Rd2 g5 52. g4 Ke7 53. h4 gxh4 54. Nxh4 Nxe5 55. Nf5+ Kf6 56. Nxh6 Kg5 57. Ng8 Ng6 58. f4+ Nxf4 59. Kf2 Ng6 0-1

[Event "Sparkassen Chess Trophy 2024 A-Open"]
[Site "Dortmund"]
[Date "2024.08.11"]
[Round "2"]
[White "Rosen, Bernd"]
[Black "Hagenmeyer, Felix"]
[Result "1-0"]
[WhiteElo "2245"]
[BlackElo "1998"]
[PlyCount "75"]
[EventDate "2024.08.10"]

1. c4 e6 2. g3 d5 3. Nf3 c5 4. cxd5 exd5 5. d4 Nf6 6. Bg2 Nc6 7. O-O Be7 8. dxc5 Bxc5 9. Bg5 O-O 10. Qc1 Be7 11. Rd1 Be6 12. Nc3 h6 13. Bxf6 Bxf6 14. Qc2 Rc8 15. Rac1 Qa5 16. a3 Rfd8 17. Qd2 a6 18. Qf4 Qc7 19. Qxc7 Rxc7 20. Rd3 Rcd7 21. b4 Bf5 22. Rd2 d4 23. Na4 Re7 24. Nc5 Rd6 25. Ne1 Nd8 26. e4 Bg6 27. f4 b5 28. e5 Bxe5 29. fxe5 Rxe5 30. Nf3 Re3 31. Rxd4 Rxd4 32. Nxd4 Rxa3 33. Re1 f6 34. Bd5+ Kh7 35. Re7 Ra1+ 36. Kf2 Rd1 37. Ncb3 Bc2 38. Rd7 1-0

[Event "Sparkassen Chess Trophy 2024 A-Open"]
[Site "Dortmund"]
[Date "2024.08.11"]
[Round "2"]
[White "Thompson, Ian D"]
[Black "Song, Ethan"]
[Result "0-1"]
[WhiteElo "2003"]
[BlackElo "2269"]
[PlyCount "70"]
[EventDate "2024.08.10"]

1. Nf3 Nf6 2. c4 e6 3. Nc3 d5 4. d4 Nbd7 5. Bg5 Be7 6. e3 h6 7. Bh4 O-O 8. Qc2 a6 9. cxd5 exd5 10. Rc1 Re8 11. Be2 c6 12. O-O b5 13. Bd3 Bb7 14. Bxf6 Bxf6 15. b4 Qb6 16. a4 Nf8 17. Nd2 Ne6 18. Nb3 Be7 19. Nc5 Nxc5 20. dxc5 Qc7 21. Ne2 Bf6 22. Nd4 Bc8 23. Nb3 bxa4 24. Na5 a3 25. Qa4 Bb2 26. Rc2 Bd7 27. Re1 Re7 28. Rce2 Re6 29. e4 dxe4 30. Rxe4 Rxe4 31. Rxe4 Rd8 32. Re1 Qf4 33. Nc4 Be6 34. Qc2 Rxd3 35. Qxd3 Qxc4 0-1